000 00275nam a2200121 i 4500
001 bg
245 0 _aMiernictwo górnicze i ochrona powierzchni.
260 _aWrocław,
_c1977.
040 _cBPK
041 _apol
942 _cKS
008 s pl f |000 0 pol
999 _c27760
_d27760
856 _uhttp://koha.tu.koszalin.pl/cgi-bin/koha/opac-detail.pl?biblionumber=27760
_yKatalog online BPK